| 000 | 00000nam##2200000za#4500 |
| 001 | 9.604048 |
| 003 | CaOODSP |
| 005 | 20260128153023 |
| 007 | cr ||||||||||| |
| 008 | 150406|2003||||xxc|||||o f|0| 0 fre|d |
| 022 | |a1488-545X |
| 040 | |aCaOODSP|bfre |
| 043 | |an-cn--- |
| 086 | 1 |aFs97-6/2511F-PDF |
| 110 | 2 |aInstitut Maurice-Lamontagne. |
| 245 | 10|aÉvaluation d'un gisement de mye commune (Mya arenaria) de l'embouchure de la rivière Mingan, Québec / |h[ressource électronique]|c[par] Sylvie Brulotte et Michel Giguère. |
| 260 | |aMont-Joli - Québec : |bPêches et Océans Canada. |cc2003. |
| 300 | |a71p.|bfigures en couleur, cartes en couleur, graphiques, références, photographies |
| 490 | 1 |aRapport technique canadien des sciences halieutiques et aquatiques|x1488-545X|vN° 2511 |
| 500 | |aLe n° de catalogue (Fs97-6/2511F) de l'édition imprimée a été incorrectement copié dans cette édition électronique. |
| 546 | |a(Abstract in English) |
| 590 | |a12-24-Supp|b2012-05-30 |
| 720 | 1 |aGiguère, Michel |
| 720 | 1 |aBrulotte, Sylvie |
| 776 | 0#|tÉvaluation d'un gisement de mye commune (Mya arenaria) de l'embouchure de la rivière Mingan, Québec / |w(CaOODSP)9.626585 |
| 830 | #0|aRapport technique canadien des sciences halieutiques et aquatiques,|x1488-545X|vN° 2511|w(CaOODSP)9.500867 |
| 856 | 40|ahttp://publications.gc.ca|qPDF|s1.43 Mo|uhttps://publications.gc.ca/collections/collection_2012/mpo-dfo/Fs97-6-2511-fra.pdf|yN° 2511 |